| 000 | 01077nam a22003257a 4500 | ||
|---|---|---|---|
| 001 | 0014216 | ||
| 003 | KOHA_MİRAKIL | ||
| 005 | 20260207001947.0 | ||
| 007 | ta | ||
| 008 | 100226b1992 tu |||gr||||#||||0|tur | | ||
| 020 |
_a975492225X _c0,01 |
||
| 040 |
_aTR-BiSEU _btur _cTR-BiSEU _erda |
||
| 041 | 0 | _atur | |
| 044 | _ctu | ||
| 050 |
_aHF5381 _b.C35 1992 |
||
| 100 | 1 | _aÇakmak, Zeki. | |
| 245 | 1 |
_aÇoklu ayırma ve sınıflandırma analizi eğitimde öğrencilerin meslek seçimine uygulanması/ _cZeki Çakmak ; Zeki Çakmak. |
|
| 264 | 1 |
_aEskişehir : _bAnadolu Üniversitesi _c1992 |
|
| 300 | _aix, 183 sayfa: tablo; 24 cm. | ||
| 336 |
_ametin _btxt _2rdacontent |
||
| 337 |
_aaracısız _bn _2rdamedia |
||
| 338 |
_acilt _bnc _2rdacarrier |
||
| 490 | 1 |
_aAnadolu Üniversitesi Yayınları ; _vNo. |
|
| 490 | 1 | _a658. | |
| 650 | 0 |
_aVocational guidence--Statistical methods. _933276 |
|
| 650 | 0 |
_aMeslek rehberliği--İstatistiksel metotlar. _933277 |
|
| 830 | 1 |
_aAnadolu Üniversitesi Yayınları ; _vNo. _916074 |
|
| 830 | 1 |
_a658. _97847 |
|
| 942 |
_2lcc _cBK |
||
| 999 |
_c14179 _d14179 |
||